La vida y las opiniones del caballero Tristram Shandy /

Edición conformada por la novela La vida y las opiniones de Tristram Shandy, la más célebre de las creaciones de Laurence Sterne, y una selección de cuatro sermones, que arrojan un poco de luz sobre la faceta del autor como predicador.

Tallennettuna:
Bibliografiset tiedot
Päätekijä: Sterne, Laurence (autor)
Muut tekijät: Marías, Javier (traducción) (traducción)
Aineistotyyppi: Kirja
Kieli:espanja
Julkaistu: Madrid, España : Alfaguara, 1978, c1978
Sarja:(Clásicos Alfaguara)
Aiheet:
Tagit: Lisää tagi
Ei tageja, Lisää ensimmäinen tagi!

MARC

LEADER 00000nam^a2200000^a^4500
001 000151558
005 20250521000000.0
009 20260310100214.534
020 |a 84-204-0314-8 
037 |a Acervo ITESO - Biblioteca 
041 |a ESP 
082 |a 823.  |b STE 
100 |a Sterne, Laurence  |e (autor) 
240 1 4 |a [La vida y las opiniones de Tristram Shandy] 
245 1 3 |a La vida y las opiniones del caballero Tristram Shandy /  |c L. Sterne ; pról. de Andrew Wright ; notas y tr. por J. Marías. 
264 4 |a Madrid, España :  |b Alfaguara,  |c 1978, c1978 
300 |a XLV, 718 p. 
336 |a texto  |b txt  |2 rdacontenido 
337 |a sin mediación  |b n  |2 rdamedio 
338 |a volumen  |b nc  |2 rdasoporte 
440 1 |a (Clásicos Alfaguara) 
500 |a Traducción de: The Life and Opinions of Tristram Shandy, Gentleman 
500 |a Traducción de: The Sermons of Mr. Yorick 
520 |a Edición conformada por la novela La vida y las opiniones de Tristram Shandy, la más célebre de las creaciones de Laurence Sterne, y una selección de cuatro sermones, que arrojan un poco de luz sobre la faceta del autor como predicador. 
545 0 |a Nacido en 1713 en Irlanda y fallecido en 1768 en Inglaterra, el escritor Laurence Sterne estudió en el Jesus College de Cambridge e inició en 1738 la carrera eclesiástica, que prosiguió la mayor parte de su vida. Historia de un buen abrigo, un libelo político, le dio a conocer en 1759, pero a partir de 1760 y hasta 1767 publicaría los nueve libros de su obra más importante: la novela La vida y las opiniones de Tristram Shandy, cuadro humorístico y jocoso de una familia y de aquellas personas que se relacionan con sus componentes, en la que Sterne propone una serie de exprimentos y atrevimientos narrativos. Radicado en el extranjero durante algunos años, Sterne volvió en 1766 a Inglaterra, donde publicaría Diario para Eliza y pocas semanas antes del morir, Viaje sentimental por Francia e Italia (1768). 
649 |a XX 
650 |a Ministros Religiosos Irlandeses -  |x Discursos 
650 |a Novela Irlandesa 
650 |a Novela Inglesa 
650 |a Sermones Irlandeses 
650 |a Sermones Ingleses 
650 |a Literatura en Inglés -  |z Irlanda 
650 |a Literatura Experimental -  |z Irlanda 
650 |a Literatura Experimental -  |z Inglaterra 
650 |a Literatura Picaresca -  |z Irlanda 
650 |a Literatura Picaresca -  |z Inglaterra 
650 |a Literatura Cristiana -  |z Irlanda 
650 |a Literatura Cristiana -  |z Inglaterra 
650 |a Literatura Religiosa -  |z Irlanda 
650 |a Literatura Religiosa -  |z Inglaterra 
650 |a Religión y Literatura -  |z Irlanda 
650 |a Religión y Literatura -  |z Inglaterra 
650 |a Literatura Irlandesa -  |y Siglo XVIII 
650 |a Literatura Inglesa -  |y Siglo XVIII 
650 |a Caridad 
650 |a Predicación 
650 |a Teología Práctica 
650 |a Anglicanismo 
650 |a Protestantismo 
650 |a Cristianismo 
740 4 |a Los sermones de Mr. Yorick /  |c L. Sterne ; pról. de Andrew Wright ; notas y tr. por J. Marías. 
700 |a Marías, Javier  |e (traducción) 
910 |a Fondo Armando Suárez Gómez 
920 |a Impresos - Libros 
930 |a Fondos Especiales 
940 |a Literatura 
905 |a 111 
901 |a 0700006451  |b IT2  |c ESP  |u 20250521 
902 |a https://opac.biblio.iteso.mx/vufind/Record/000151558